|
|
|
|
| LEADER |
00000nam a2200000 a 4500 |
| 001 |
vtls008156525 |
| 003 |
SK-MaSNL |
| 005 |
20260301074529.0 |
| 008 |
240313 1956 xo g b 000 0 slo |
| 040 |
|
|
|a SNK
|b slo
|c SNK
|e AACR2
|
| 041 |
0 |
|
|a slo
|
| 044 |
|
|
|a xo
|c SK
|
| 080 |
|
|
|a 930.85(437.6)-051"18"
|2 2011
|
| 080 |
|
|
|a 329.73
|2 2011
|
| 100 |
1 |
|
|a Kotvan, Imrich,
|d 1910-1984
|4 aut
|9 101596
|
| 245 |
1 |
0 |
|a Štúrovské tlače Univerzitnej knižnice v Bratislave
|b (bibliografia)
|c Imrich Kotvan
|
| 260 |
|
|
|a Bratislava
|b Univerzitná knižnica
|c 1956
|
| 300 |
|
|
|a 99 s.
|c 21 cm
|
| 490 |
1 |
|
|a Bibliografie
|
| 648 |
|
7 |
|a 19. stor.
|2 SNKPH
|9 278793
|
| 650 |
0 |
7 |
|a štúrovci
|2 SNKPH
|9 59026
|
| 650 |
0 |
7 |
|a národné hnutie
|2 SNKPH
|9 71486
|
| 650 |
0 |
7 |
|a The Štúrs
|2 SNKPHeng
|9 307320
|
| 650 |
0 |
7 |
|a Nationalist movement
|2 SNKPHeng
|9 298642
|
| 655 |
|
7 |
|a neperiodické bibliografie
|2 SNKPH
|9 60408
|
| 830 |
|
0 |
|a Bibliografie
|9 267069
|
| 958 |
|
|
|a OND
|
| 999 |
|
|
|c 647439
|d 649369
|
| 952 |
|
|
|a SNK
|b SNK
|y PREZ
|7 0
|p 17A0466804
|o snkSD 11253
|i snkKSP 1953/56
|3 rekatalogizácia
|0 0
|1 0
|4 0
|d 2005-05-26
|l 0
|r 2025-11-25 00:00:00
|w 2026-02-23
|